Código de ética judicial: proyecto
Guardat en:
| Autor principal: | |
|---|---|
| Format: | Llibre |
| Idioma: | espanyol |
| Publicat: |
Lima
Pontificia Universidad Católica del Perú
1997
|
| Matèries: | |
| Etiquetes: |
Afegir etiqueta
Sense etiquetes, Sigues el primer a etiquetar aquest registre!
|
MARC
| LEADER | 00000nam a2200000 a 4500 | ||
|---|---|---|---|
| 001 | UCS6233 | ||
| 003 | CL-VaPUC | ||
| 008 | 970917e19970000PE |||||||||||||||||spa|d | ||
| 082 | 0 | 4 | |a 340.112 |b LLE |2 21 |
| 100 | |a Llerena Quevedo, J. Rogelio |e autor |9 391807 | ||
| 245 | 1 | 0 | |a Código de ética judicial: proyecto |
| 300 | |a 107 p | ||
| 942 | |c BK | ||
| 945 | |d 19970917 00:00:00 |a rleighto | ||
| 260 | |a Lima |b Pontificia Universidad Católica del Perú |c 1997 | ||
| 650 | 0 | |a Ética |9 255099 | |
| 650 | 7 | |a DERECHO |2 CL-VaPUC |9 391808 | |
| 650 | 0 | |a Etica jurídica |9 255897 | |
| 650 | 0 | |a Códigos |9 352314 | |
| 583 | |a last modification |c 19970917 00:00:00 |k Rodrigo Vera | ||
| 999 | |c 262180 |d 262178 | ||
| 952 | |0 0 |1 0 |4 0 |6 340_112000000000000_LLE_1997 |7 0 |8 A |9 290405 |a BIBDER |b BIBDER |d 2019-11-19 |i 3351270 |o 340.112 LLE 1997 |p 3351270 |r 2023-01-25 |w 2019-11-19 |y BK |k DER | ||
| 952 | |0 0 |1 0 |4 0 |6 340_112000000000000_LLE_1997 |7 0 |8 DER_TF |9 290406 |a BIBDER |b BIBDER |d 2019-11-19 |i 3393194 |o 340.112 LLE 1997 |p 3393194 |r 2023-01-25 |w 2019-11-19 |x Ubicación 4to Piso |y BK |z Estos recursos deben solicitarse con anticipación |k DER | ||